Diccionario de Rima (Registro nro. 306556)
[ vista simple ]
| 000 -ENCABEZADO | |
|---|---|
| Número de control [NR] | 01533nam a22002537a 4500 |
| 005 - FECHA Y HORA DE LA ÚLTIMA TRANSACCIÓN | |
| control field | 20170426102422.0 |
| 008 - DE LONGITUD FIJA DE DATOS DE ELEMENTOS - INFORMACIÓN GENERAL | |
| Elementos de longitud fija [NR] | 170426n fr |||fr|||| 000 0 es d |
| 040 ## - FUENTE DE CATALOGACION [NR] | |
| Agencia de catalogación original [NR] | CO-BoUCM |
| Idioma de catalogación [NR] | spa |
| Quien Cataloga | Sandra Yazo |
| Quien Clasifica | Sandra Yazo |
| 041 0# - CODIGO DE IDIOMA [R] | |
| Código de idioma para texto/pista de sonido o título separado [R] | Español |
| 082 ## - NUMERO DE CLASIFICACION DECIMAL DEWEY [R] | |
| Número de la edición [NR] | 20 |
| Número de clasificación [R] | 463.31 |
| 092 ## - SIGNATURA TOPOGRAFICA LOCAL | |
| Número de clasificación local | E44N001 |
| 100 1# - ASIENTO PRINCIPAL--NOMBRE PERSONAL [NR] | |
| Nombre personal [NR] | Peñalver, Juan |
| ID Autoridad | 85379 |
| 245 10 - MENCION DE TITULO [NR] | |
| Título [NR] | Diccionario de Rima |
| Mención de responsabilidad, etc. [NR] | por don Juna Peñalver |
| 250 ## - MENCION DE EDICION [NR] | |
| Mención de edición [NR] | Nueva edición |
| Resto de la mención de edición [NR] | Corregida con arreglo a la ortografía de la académia española |
| 260 ## - PUBLICACION, DISTRIBUCION, ETC. (PIE DE IMPRENTA) [R] | |
| Lugar de publicación, distribución, etc. [R] | París (Francia) |
| Nombre del editor, distribuidor, etc. [R] | Casa editorial Garnier hermanos |
| Fecha de publicación, distribución, etc. [R] | [fecha desconocida] |
| 300 ## - DESCRIPCION FISICA [R] | |
| Extensión [R] | 6, 655 páginas |
| Dimensiones [R] | 14 x 10 cm. |
| 500 ## - NOTA GENERAL [R] | |
| Nota general [NR] | Detalles físicos: Encuadernación rígida en cartón forrado en tela texturizada. Tapas y lomo con repujados en tinta negra y la delantera y el lomo también con dorado. Lomo con rotura y faltante. Guardas. En papel de color. Hoja de cortesía. Anteportada. Portada impresa en una sola tinta con la marca tipográfica de los editores. Texto en una y tres columnas, con caracteres muy pequeños. Tapa posterior desprendida, la delantera con desprendimiento y abollonadura |
| 505 ## - NOTA DE CONTENIDO CON FORMATO PREESTABLECIDO [R] | |
| Nota de contenido con formato preestablecido [NR] | Advertencia ; Diccionario de la rima: A – UZNO ; Nota |
| 506 ## - NOTA DE RESTRICCIONES DE ACCESO [R] | |
| Condiciones de acceso [NR] | Consulta en sala |
| 650 #7 - ASIENTO SECUNDARIO DE MATERIA - TERMINO TEMATICO [R] | |
| 9 (RLIN) | 23806 |
| Término temático o nombre geográfico como elemento de entrada [NR] | Rima española |
| Subdivisión de forma [R] | Diccionarios |
| 650 #7 - ASIENTO SECUNDARIO DE MATERIA - TERMINO TEMATICO [R] | |
| 9 (RLIN) | 19465 |
| Término temático o nombre geográfico como elemento de entrada [NR] | Métrica y rítmica |
| Subdivisión de forma [R] | Diccionarios |
| 856 41 - LOCALIZACION Y ACCESO ELECTRONICOS [R] | |
| Identificador Uniforme del Recurso (“URI”) [R] | <a href="https://books.google.com.co/books?id=0mE7AAAAYAAJ&printsec=frontcover&hl=es&source=gbs_ge_summary_r&cad=0#v=onepage&q&f=false">https://books.google.com.co/books?id=0mE7AAAAYAAJ&printsec=frontcover&hl=es&source=gbs_ge_summary_r&cad=0#v=onepage&q&f=false</a> |
| Nota dirigida al público [R] | Disponible en línea edición de 1852 |
| 942 ## - ELEMENTOS DE ENTRADA AGREGADOS (KOHA) | |
| Sistema de clasificación | LOCAL |
| Tipo de ítem principal el descrito en 300a | Libro |
| Edición | 1 |
| Clasificación | E44N001 |
| Suprimido | Perdido | Sistema de clasificación | Dañado | No prestable | Tipo de ítem específico | Ubicación habitual | Ubicación actual | Localización | Fecha de creación | Forma de adquisición | Costo | Total préstamos | Signatura topográfica | Código de barras | Última vez visto | Ejemplar | Price effective from | Tipo de ítem |
|---|---|---|---|---|---|---|---|---|---|---|---|---|---|---|---|---|---|---|
| LOCAL | Libro archivo | Archivo Histórico | Archivo Histórico | Archivo histórico | 26/04/2017 | Donación | 0.00 | E44N001 | L006282 | 26/04/2017 | Ej.1 | 26/04/2017 | Libro |